000 00949nam a2200229Ia 4500
001 17298
003 GE_BSU
008 181216s||||||||xx |||||||||||||| ||und||
040 _cGE_BSU
080 _a821.353.1-32
245 _aმოთხრობები:აღმაფრენა/ რ. ბეჟაშვილი; ბრონისლავის სამშობლო/თ.ბუაჩიძე; მეგობრები/ა.ჩხაიძე და სხვ.
245 _cრედ.: გ.შატბერაშვილი;მხატ.:გ.გორდელაძე
260 _aთბილისი
260 _bსაბლიტგამი
260 _c1953
300 _a462გვ.;21სმ.
653 _aაღმაფრენა
653 _aბრონისლავის სამშობლო
653 _aმეგობრები
653 _aმოთხრობები
942 _cBK
999 _c50357
_d50357